000 00796nam a2200265Ia 4500
003 OSt
005 20221006151055.0
006 a|||||r|||| 00| 0
007 ta
008 221006b |||||||| |||| 00| 0 jpn d
024 _a20,840
037 _bGift, Japan Foundation
_cTextual
040 _aEASL
_cEASL
_bjpn
041 _2jpn
_ajpn
082 _aX8(J).42.N5, J6.1
100 _aTOBATA Seiichi Ed.
_9338162
245 0 _aNihon nogyo no zenbo
_b Nihon no keizai to nogyo
260 _aTokyo
_bNogyo Sogo Kenkyu Jo Japan
_c1956
300 _a426p.
_ccm.
490 _v JL
650 _aJL
700 _a OHKAWA Kazushi Ed.
_9613444
942 _hX8(J).42.N5, J6.1
_cTEXL
_2CC
999 _c1088926
_d1088926